000
00268 a2200121 4500
000
nam a22 7a 4500
020
_a
9788194026716
100
_a
Swati Bawra
_9
47
245
_a
Engineering physics
250
_a
7
260
_b
P.Jamnadas
_c
2023
264
_b
P.Jamnadas
999
_c
35968
_d
35968